<?xml version="1.0" encoding="UTF-8"?>
<marc:record xmlns:marc="http://www.loc.gov/MARC21/slim" type="Bibliographic">
   <marc:leader>00000nam a2200000 c 4500</marc:leader>
   <marc:controlfield tag="001">1074143000</marc:controlfield>
   <marc:controlfield tag="003">DE-101</marc:controlfield>
   <marc:controlfield tag="005">20161215124326.0</marc:controlfield>
   <marc:controlfield tag="007">tu</marc:controlfield>
   <marc:controlfield tag="008">150721s1993    gw ||||| |||| 00||||ger  </marc:controlfield>
   <marc:datafield ind1="7" ind2=" " tag="016">
      <marc:subfield code="2">DE-101</marc:subfield>
      <marc:subfield code="a">1074143000</marc:subfield>
   </marc:datafield>
   <marc:datafield ind1=" " ind2=" " tag="020">
      <marc:subfield code="a">3850023435</marc:subfield>
      <marc:subfield code="c">Festeinband</marc:subfield>
      <marc:subfield code="9">3-85002-343-5</marc:subfield>
   </marc:datafield>
   <marc:datafield ind1=" " ind2=" " tag="020">
      <marc:subfield code="z">9783850023435</marc:subfield>
      <marc:subfield code="9">978-3-85002-343-5</marc:subfield>
   </marc:datafield>
   <marc:datafield ind1=" " ind2=" " tag="035">
      <marc:subfield code="a">(DE-599)DNB1074143000</marc:subfield>
   </marc:datafield>
   <marc:datafield ind1=" " ind2=" " tag="040">
      <marc:subfield code="a">1131</marc:subfield>
      <marc:subfield code="b">ger</marc:subfield>
      <marc:subfield code="c">DE-101</marc:subfield>
      <marc:subfield code="d">1150</marc:subfield>
      <marc:subfield code="e">rda</marc:subfield>
   </marc:datafield>
   <marc:datafield ind1=" " ind2=" " tag="041">
      <marc:subfield code="a">ger</marc:subfield>
   </marc:datafield>
   <marc:datafield ind1=" " ind2=" " tag="044">
      <marc:subfield code="c">XA-DE-BY</marc:subfield>
      <marc:subfield code="c">XA-AT</marc:subfield>
   </marc:datafield>
   <marc:datafield ind1="0" ind2="4" tag="082">
      <marc:subfield code="8">1\u</marc:subfield>
      <marc:subfield code="a">943.60441092</marc:subfield>
      <marc:subfield code="q">DE-101</marc:subfield>
      <marc:subfield code="2">22/ger</marc:subfield>
   </marc:datafield>
   <marc:datafield ind1="7" ind2=" " tag="083">
      <marc:subfield code="a">940</marc:subfield>
      <marc:subfield code="q">DE-101</marc:subfield>
      <marc:subfield code="2">23sdnb</marc:subfield>
   </marc:datafield>
   <marc:datafield ind1=" " ind2=" " tag="085">
      <marc:subfield code="8">1\u</marc:subfield>
      <marc:subfield code="b">943.60441</marc:subfield>
   </marc:datafield>
   <marc:datafield ind1=" " ind2=" " tag="085">
      <marc:subfield code="8">1\u</marc:subfield>
      <marc:subfield code="z">1</marc:subfield>
      <marc:subfield code="s">092</marc:subfield>
   </marc:datafield>
   <marc:datafield ind1=" " ind2=" " tag="090">
      <marc:subfield code="a">b</marc:subfield>
   </marc:datafield>
   <marc:datafield ind1="1" ind2=" " tag="100">
      <marc:subfield code="0">(DE-588)11571037X</marc:subfield>
      <marc:subfield code="0">http://d-nb.info/gnd/11571037X</marc:subfield>
      <marc:subfield code="0">(DE-101)11571037X</marc:subfield>
      <marc:subfield code="a">Markus, Georg</marc:subfield>
      <marc:subfield code="d">1951-</marc:subfield>
      <marc:subfield code="e">Verfasser</marc:subfield>
      <marc:subfield code="4">aut</marc:subfield>
   </marc:datafield>
   <marc:datafield ind1="0" ind2="0" tag="245">
      <marc:subfield code="a">Kriminalfall Mayerling</marc:subfield>
      <marc:subfield code="b">Leben und Sterben der Mary Vetsera : mit den neuen Gutachten nach dem Grabraub</marc:subfield>
      <marc:subfield code="c">Georg Markus</marc:subfield>
   </marc:datafield>
   <marc:datafield ind1=" " ind2="1" tag="264">
      <marc:subfield code="a">München</marc:subfield>
      <marc:subfield code="a">Wien</marc:subfield>
      <marc:subfield code="b">Amalthea</marc:subfield>
      <marc:subfield code="c">[1993]</marc:subfield>
   </marc:datafield>
   <marc:datafield ind1=" " ind2=" " tag="300">
      <marc:subfield code="a">223 Seiten</marc:subfield>
      <marc:subfield code="b">Illustrationen</marc:subfield>
      <marc:subfield code="c">22 cm</marc:subfield>
   </marc:datafield>
   <marc:datafield ind1=" " ind2=" " tag="336">
      <marc:subfield code="a">Text</marc:subfield>
      <marc:subfield code="b">txt</marc:subfield>
      <marc:subfield code="2">rdacontent</marc:subfield>
   </marc:datafield>
   <marc:datafield ind1=" " ind2=" " tag="337">
      <marc:subfield code="a">ohne Hilfsmittel zu benutzen</marc:subfield>
      <marc:subfield code="b">n</marc:subfield>
      <marc:subfield code="2">rdamedia</marc:subfield>
   </marc:datafield>
   <marc:datafield ind1=" " ind2=" " tag="338">
      <marc:subfield code="a">Band</marc:subfield>
      <marc:subfield code="b">nc</marc:subfield>
      <marc:subfield code="2">rdacarrier</marc:subfield>
   </marc:datafield>
   <marc:datafield ind1="1" ind2="7" tag="600">
      <marc:subfield code="0">(DE-588)118626752</marc:subfield>
      <marc:subfield code="0">http://d-nb.info/gnd/118626752</marc:subfield>
      <marc:subfield code="0">(DE-101)118626752</marc:subfield>
      <marc:subfield code="a">Vetsera, Mary</marc:subfield>
      <marc:subfield code="d">1871-1889</marc:subfield>
      <marc:subfield code="2">gnd</marc:subfield>
   </marc:datafield>
   <marc:datafield ind1="0" ind2="7" tag="600">
      <marc:subfield code="0">(DE-588)118603698</marc:subfield>
      <marc:subfield code="0">http://d-nb.info/gnd/118603698</marc:subfield>
      <marc:subfield code="0">(DE-101)118603698</marc:subfield>
      <marc:subfield code="a">Rudolf</marc:subfield>
      <marc:subfield code="c">Österreich, Erzherzog</marc:subfield>
      <marc:subfield code="d">1858-1889</marc:subfield>
      <marc:subfield code="2">gnd</marc:subfield>
   </marc:datafield>
   <marc:datafield ind1="0" ind2="7" tag="600">
      <marc:subfield code="0">(DE-588)118603698</marc:subfield>
      <marc:subfield code="0">http://d-nb.info/gnd/118603698</marc:subfield>
      <marc:subfield code="0">(DE-101)118603698</marc:subfield>
      <marc:subfield code="a">Rudolf</marc:subfield>
      <marc:subfield code="c">Österreich, Erzherzog</marc:subfield>
      <marc:subfield code="d">1858-1889</marc:subfield>
      <marc:subfield code="2">gnd</marc:subfield>
   </marc:datafield>
   <marc:datafield ind1=" " ind2="7" tag="650">
      <marc:subfield code="0">(DE-588)4054423-0</marc:subfield>
      <marc:subfield code="0">http://d-nb.info/gnd/4054423-0</marc:subfield>
      <marc:subfield code="0">(DE-101)040544230</marc:subfield>
      <marc:subfield code="a">Selbstmord</marc:subfield>
      <marc:subfield code="2">gnd</marc:subfield>
   </marc:datafield>
   <marc:datafield ind1="0" ind2="0" tag="689">
      <marc:subfield code="0">(DE-588)118626752</marc:subfield>
      <marc:subfield code="0">http://d-nb.info/gnd/118626752</marc:subfield>
      <marc:subfield code="0">(DE-101)118626752</marc:subfield>
      <marc:subfield code="D">p</marc:subfield>
      <marc:subfield code="a">Vetsera, Mary</marc:subfield>
      <marc:subfield code="d">1871-1889</marc:subfield>
   </marc:datafield>
   <marc:datafield ind1="0" ind2="1" tag="689">
      <marc:subfield code="0">(DE-588)118603698</marc:subfield>
      <marc:subfield code="0">http://d-nb.info/gnd/118603698</marc:subfield>
      <marc:subfield code="0">(DE-101)118603698</marc:subfield>
      <marc:subfield code="D">p</marc:subfield>
      <marc:subfield code="a">Rudolf</marc:subfield>
      <marc:subfield code="c">Österreich, Erzherzog</marc:subfield>
      <marc:subfield code="d">1858-1889</marc:subfield>
   </marc:datafield>
   <marc:datafield ind1="0" ind2=" " tag="689">
      <marc:subfield code="5">DE-101</marc:subfield>
      <marc:subfield code="5">DE-101</marc:subfield>
   </marc:datafield>
   <marc:datafield ind1="1" ind2="0" tag="689">
      <marc:subfield code="0">(DE-588)118603698</marc:subfield>
      <marc:subfield code="0">http://d-nb.info/gnd/118603698</marc:subfield>
      <marc:subfield code="0">(DE-101)118603698</marc:subfield>
      <marc:subfield code="D">p</marc:subfield>
      <marc:subfield code="a">Rudolf</marc:subfield>
      <marc:subfield code="c">Österreich, Erzherzog</marc:subfield>
      <marc:subfield code="d">1858-1889</marc:subfield>
   </marc:datafield>
   <marc:datafield ind1="1" ind2="1" tag="689">
      <marc:subfield code="0">(DE-588)4054423-0</marc:subfield>
      <marc:subfield code="0">http://d-nb.info/gnd/4054423-0</marc:subfield>
      <marc:subfield code="0">(DE-101)040544230</marc:subfield>
      <marc:subfield code="D">s</marc:subfield>
      <marc:subfield code="a">Selbstmord</marc:subfield>
   </marc:datafield>
   <marc:datafield ind1="1" ind2=" " tag="689">
      <marc:subfield code="5">DE-101</marc:subfield>
      <marc:subfield code="5">DE-101</marc:subfield>
   </marc:datafield>
   <marc:datafield ind1=" " ind2=" " tag="850">
      <marc:subfield code="a">DE-101a</marc:subfield>
   </marc:datafield>
   <marc:datafield ind1="4" ind2="2" tag="856">
      <marc:subfield code="m">B:DE-101</marc:subfield>
      <marc:subfield code="q">application/pdf</marc:subfield>
      <marc:subfield code="u">http://d-nb.info/1074143000/04</marc:subfield>
      <marc:subfield code="3">Inhaltsverzeichnis</marc:subfield>
   </marc:datafield>
   <marc:datafield ind1="r" ind2=" " tag="925">
      <marc:subfield code="a">ra</marc:subfield>
   </marc:datafield>
</marc:record>
